000 00566nam a2200205Ia 4500
005 20250923145243.0
008 008 250917s9999 xx 000 0 eng d
037 _aTextual
040 _aDSWL
_beng
_cDSWL
041 _aeng
_2eng
084 _aS, N67;2
_qDSWL
100 _aMunn, Norman L.
_9833401
245 0 _aIntroduction to Psychology
_cby Norman L. Munn
260 _aCalcutta
_bOxford & IBH Pub. Co.
_c1967
300 _a73p.
365 _aINR
_b10.50
925 _g10.50
942 _cTEXL
_hS, N67;2
999 _c1449026
_d1449026